[Event "OMA-chT Clubs"]
[Site "Muscat"]
[Date "2022.08.31"]
[Round "7.2"]
[White "Al Sawafi, Abdul Malik"]
[Black "Al Mamari, Rajab"]
[Result "0-1"]
[WhiteElo "1477"]
[BlackElo "1474"]
[PlyCount "180"]
[EventDate "2022.08.26"]
[EventType "team-swiss"]
[EventRounds "9"]
[EventCountry "OMN"]
[SourceTitle "EXT 2023"]
[Source "ChessBase"]
[SourceDate "2022.10.05"]
[SourceVersion "1"]
[SourceVersionDate "2022.10.05"]
[SourceQuality "1"]
[WhiteTeam "Ibri"]
[BlackTeam "Al Salam"]
[WhiteTeamCountry "OMN"]
[BlackTeamCountry "OMN"]

1. d4 Nf6 2. Bf4 g6 3. Nc3 d5 4. e3 Bg7 5. h4 h5 6. Nf3 a6 7. Ne5 Nbd7 8. Bd3 Nf8 9. f3 Be6 10. Qe2 N8d7 11. e4 dxe4 12. Nxe4 Nxe4 13. Bxe4 c6 14. Nxg6 fxg6 15. Bxg6+ Bf7 16. Qe6 Bxg6 17. Qxg6+ Kf8 18. 0-0-0 Qe8 19. Qe4 Nf6 20. Qf5 Qf7 21. Kb1 Nd5 22. Qxf7+ Kxf7 23. Be5 b5 24. Bxg7 Kxg7 25. g4 Raf8 26. Rd3 hxg4 27. Rg1 Rxh4 28. fxg4 Rf4 29. c3 Rhxg4 30. Rh1 Rh4 31. Rg1+ Kf7 32. Rdg3 Rh2 33. Rg6 Nf6 34. Rg7+ Kf8 35. R7g2 Rf1+ 36. Rxf1 Rxg2 37. Rh1 a5 38. Rh8+ Ng8 39. Rh5 Ke8 40. a4 Nf6 41. Rc5 Ne4 42. Rxc6 bxa4 43. Ka2 Rg5 44. Ka3 Rb5 45. Kxa4 Rxb2 46. Kxa5 Kd7 47. Rc4 Nd6 48. Rb4 Rc2 49. Rb3 Ne4 50. Kb4 Kd6 51. Ra3 Rb2+ 52. Kc4 Rb6 53. Kd3 Nf6 54. Ra5 Kd7 55. Ra7+ Ke6 56. Ra5 Kd6 57. Kc2 e6 58. Kd3 Nd7 59. Ke4 Nf6+ 60. Kd3 Nd7 61. Ke4 Rc6 62. Kd3 Nb6 63. Rb5 Nc4 64. Rb3 Na5 65. Rb5 Nc4 66. Rb3 Nb6 67. Rb5 Nd5 68. Rb3 Ra6 69. Ke4 Ra4 70. Kd3 Kc6 71. c4 Nb6 72. d5+ Nxd5 73. cxd5+ exd5 74. Rc3+ Kd6 75. Rb3 Ke5 76. Rb8 Ra3+ 77. Kd2 Kd4 78. Rb4+ Ke5 79. Rb5 Ke4 80. Rb4+ d4 81. Rb2 Rh3 82. Rb8 Rh2+ 83. Kd1 Kd3 84. Rb3+ Ke4 85. Rb4 Ke3 86. Rb8 Rh1+ 87. Kc2 d3+ 88. Kb2 d2 89. Re8+ Kf4 90. Rd8 d1Q 0-1